La literatura obstinada : la novela en Juan José Saer, Ricardo Piglia y Roberto Bolaño /

Bibliographic Details
Main Author: Torres Perdigón, Andrea (Author)
Other Authors: Cardona, Mateo (Translator)
Format: Electronic eBook
Language:Spanish
French
Published: Bogotá, D.C. : Editorial Pontificia Universidad Javeriana, [2023]
Edition:Primera edición.
Subjects:
Online Access:Digitalia Hispánica

MARC

LEADER 00000nam a2200000 i 4500
001 DIGEPUJ0415
003 NyNyDIG
007 cr |||||||||||
008 240111s2023 ck ob 001 0 spa d
006 m o d
035 |a (OCoLC)1402815377 
040 |a DGITA  |b eng  |e rda  |e pn  |c DGITA 
020 |a 9789587817959  |q eBook  |q pdf 
020 |z 9789587817942 
024 7 |a 10.11144/Javeriana.9789587817959  |2 doi 
041 1 |a spa  |h fre 
050 1 4 |a PQ7797.S22435 ebook 
100 1 |a Torres Perdigón, Andrea,  |e author. 
240 1 0 |a Littérature obstinée.  |l Spanish  |s (Cardona) 
245 1 3 |a La literatura obstinada :  |b la novela en Juan José Saer, Ricardo Piglia y Roberto Bolaño /  |c Andrea Torres Perdigón ; Mateo Cardona, traducción. 
250 |a Primera edición. 
264 1 |a Bogotá, D.C. :  |b Editorial Pontificia Universidad Javeriana,  |c [2023] 
300 |a 1 online resource. 
336 |a text  |b txt  |2 rdacontent 
337 |a computer  |b c  |2 rdamedia 
338 |a online resource  |b cr  |2 rdacarrier 
347 |a text file  |2 rdaft 
347 |b EPUB 
504 |a Includes bibliographical references and index. 
588 0 |a Online resource; title from ePub title page (Digitalia, viewed January 11, 2024) 
600 1 0 |a Saer, Juan José,  |d 1937-2005  |x Criticism and interpretation. 
600 1 0 |a Piglia, Ricardo  |x Criticism and interpretation. 
600 1 0 |a Bolaño, Roberto,  |d 1953-2003  |x Criticism and interpretation. 
700 1 |a Cardona, Mateo,  |e translator. 
700 1 |i Translation of:  |a Torres Perdigón, Andrea.  |t Littérature obstinée. 
791 2 |a Digitalia (Firm),  |e distributor. 
793 0 |g Digitalia eBook Collection:  |a Pontificia Universidad Javeriana 
776 0 8 |i Print version:  |a Torres Perdigón, Andrea.  |s Littérature obstinée. Spanish (Cardona).  |t Literatura obstinada.  |b Primera edición.  |d Bogotá, D.C. : Editorial Pontificia Universidad Javeriana, [2023]  |z 9789587817942 
856 4 0 |3 Digitalia Hispánica  |u https://www.digitaliapublishing.com/a/131955/ 
910 |a Premium collection: 2024